000 00345 a2200169 4500
001 191994
020 _a978-85-249-2149-0
040 _cMagnum
100 _aCaruso, Carla
240 1 0 _aCasa de bicho
_lpor
245 1 0 _aCasa de bicho
300 _a31
362 0 _a2014
440 1 _aCortez
697 _aLITERATURA INFANTO
942 _cBK
999 _c191994
_d191994